[Event "Santo Antonio"]
[Site "Santo Antonio POR"]
[Date "2001.05.19"]
[Round "1"]
[White "Spraggett, Kevin"]
[Black "Dias, Paulo"]
[Result "1/2-1/2"]
[WhiteElo "2526"]
[BlackElo "2326"]
[PlyCount "122"]
[EventDate "2001.05.19"]
[EventType "tourn"]
[EventRounds "9"]
[EventCountry "POR"]
[EventCategory "9"]
[Source "Mark Crowther"]
[SourceDate "2001.06.04"]

1. e4 e6 2. d4 d5 3. Nd2 Nf6 4. e5 Nfd7 5. f4 c5 6. Ndf3 Nc6 7. Ne2 Be7 8. c3
O-O 9. Ng3 cxd4 10. cxd4 Qb6 11. Bd3 f6 12. a3 a5 13. h4 Kh8 14. Bc2 fxe5 15.
dxe5 Ndxe5 16. Nxe5 Nxe5 17. Qh5 g6 18. Qxe5+ Bf6 19. Qe2 e5 20. Qf2 Qb5 21. h5
exf4 22. hxg6 Bg4 23. g7+ Bxg7 24. Rxh7+ Kg8 25. Rxg7+ Kxg7 26. Qd4+ Kg8 27.
Bxf4 Rae8+ 28. Be3 Rxe3+ 29. Qxe3 Re8 30. Ne4 dxe4 31. Qb3+ Qxb3 32. Bxb3+ Kg7
33. Bd1 Rh8 34. Kd2 Rh1 35. Rc1 e3+ 36. Kxe3 Rxd1 37. Rc5 Bd7 38. Rxa5 Rb1 39.
b4 Rb3+ 40. Kd4 Kf6 41. Ra7 Bc6 42. Kc5 Rg3 43. a4 Ke6 44. b5 Bxg2 45. a5 Rg5+
46. Kb6 Bf1 47. Kxb7 Rxb5+ 48. Kc6 Rh5 49. a6 Ra5 50. Kb6 Ra3 51. Kc5 Ra1 52.
Ra8 Ra5+ 53. Kb6 Rb5+ 54. Kc7 Ke7 55. Kc6 Rb1 56. Kc5 Ra1 57. a7 Bg2 58. Rg8
Bf3 59. Rg3 Bh1 60. Rh3 Bg2 61. Rg3 Bh1 1/2-1/2

[Event "Santo Antonio"]
[Site "Santo Antonio POR"]
[Date "2001.05.22"]
[Round "4"]
[White "Galego, Luis"]
[Black "Spraggett, Kevin"]
[Result "1/2-1/2"]
[WhiteElo "2429"]
[BlackElo "2526"]
[PlyCount "32"]
[EventDate "2001.05.19"]
[EventType "tourn"]
[EventRounds "9"]
[EventCountry "POR"]
[EventCategory "9"]
[Source "Mark Crowther"]
[SourceDate "2001.06.04"]

1. e4 c5 2. Nf3 e6 3. Nc3 a6 4. g3 b5 5. Bg2 Bb7 6. d3 d6 7. O-O Nd7 8. Ng5 Be7
9. f4 Bxg5 10. fxg5 Ne7 11. d4 cxd4 12. Qxd4 Ne5 13. b3 N7c6 14. Qd2 O-O 15.
Bb2 Qc7 16. h3 Rfd8 1/2-1/2

[Event "Santo Antonio"]
[Site "Santo Antonio POR"]
[Date "2001.05.23"]
[Round "5"]
[White "Spraggett, Kevin"]
[Black "Yakovich, Yuri"]
[Result "0-1"]
[WhiteElo "2526"]
[BlackElo "2577"]
[PlyCount "118"]
[EventDate "2001.05.19"]
[EventType "tourn"]
[EventRounds "9"]
[EventCountry "POR"]
[EventCategory "9"]
[Source "Mark Crowther"]
[SourceDate "2001.06.04"]

1. e4 c5 2. Nf3 Nc6 3. d4 cxd4 4. Nxd4 Nf6 5. Nc3 e5 6. Ndb5 d6 7. Nd5 Nxd5 8.
exd5 Nb8 9. c4 Be7 10. Be2 O-O 11. O-O a6 12. Nc3 f5 13. Kh1 Nd7 14. f4 Bf6 15.
Qc2 exf4 16. Bxf4 Be5 17. Rad1 Bxf4 18. Rxf4 Ne5 19. b4 a5 20. a3 axb4 21. axb4
Bd7 22. Qd2 Qb6 23. Rb1 Rfe8 24. h3 Kh8 25. Bf1 Ra3 26. c5 dxc5 27. Nb5 Bxb5
28. bxc5 Qxc5 29. Bxb5 Rf8 30. d6 Raa8 31. d7 Rad8 32. Rd4 Nc6 33. Rd5 Qa3 34.
Rf1 Ne7 35. Re5 h6 36. Qd4 Nc6 37. Bxc6 bxc6 38. Rexf5 Rxf5 39. Rxf5 Qe7 40.
Rh5 Qe6 41. Kh2 Kg8 42. Re5 Qxd7 43. Qc4+ Qf7 44. Re6 c5 45. h4 Rf8 46. g3 Kh8
47. Qe4 Qf2+ 48. Kh3 Qd4 49. Kg4 c4 50. Rc6 Qd1+ 51. Kh3 Qd7+ 52. Kg2 c3 53.
Qc4 Qf5 54. Kh2 Qf2+ 55. Kh3 Qf3 56. Kh2 Re8 57. Rc8 Rxc8 58. Qxc8+ Kh7 59. g4
Qf2+ 0-1

[Event "Santo Antonio"]
[Site "Santo Antonio POR"]
[Date "2001.05.25"]
[Round "7"]
[White "Spraggett, Kevin"]
[Black "Ubilava, Elizbar"]
[Result "1-0"]
[WhiteElo "2526"]
[BlackElo "2526"]
[PlyCount "99"]
[EventDate "2001.05.19"]
[EventType "tourn"]
[EventRounds "9"]
[EventCountry "POR"]
[EventCategory "9"]
[Source "Mark Crowther"]
[SourceDate "2001.06.04"]

1. e4 c5 2. Nf3 d6 3. d4 cxd4 4. Nxd4 Nf6 5. Nc3 a6 6. Be2 e5 7. Nb3 Be6 8. f4
exf4 9. Bxf4 Nc6 10. O-O Be7 11. Kh1 O-O 12. Qe1 Nd7 13. Rd1 Nde5 14. Nd5 Bg5
15. Bg3 b5 16. c3 Ra7 17. h3 Rd7 18. Qf2 Qb8 19. Nf4 Bc4 20. Nd5 Re8 21. Bxc4
bxc4 22. Nd4 Bd8 23. b3 cxb3 24. axb3 Nxd4 25. cxd4 Nc6 26. Qf5 Re6 27. b4 h6
28. Rc1 Qb7 29. Rc4 Bg5 30. Rf2 Re8 31. Nb6 Rdd8 32. Nd5 Rd7 33. Qf3 Nd8 34.
Bxd6 Ne6 35. Bg3 Bd8 36. h4 Nf8 37. Rfc2 h5 38. Bf2 Re6 39. Rc8 Qb5 40. Bg3 Qa4
41. Rc1 Qa2 42. Rf1 Qd2 43. Rd1 Qh6 44. e5 g5 45. hxg5 Qxg5 46. Ne3 Rb6 47. Rf1
Ne6 48. Nf5 Rxb4 49. Bh4 Qd2 50. Bxd8 1-0

[Event "Dos Hermanas GMB"]
[Site "Dos Hermanas ESP"]
[Date "2001.04.20"]
[Round "2"]
[White "Spraggett, Kevin"]
[Black "Oms Pallise, Josep"]
[Result "1/2-1/2"]
[WhiteElo "2526"]
[BlackElo "2427"]
[PlyCount "111"]
[EventDate "2001.04.19"]
[EventType "tourn"]
[EventRounds "9"]
[EventCountry "ESP"]
[Source "Mark Crowther"]
[SourceDate "2001.04.23"]

1. d4 e6 2. c4 Nf6 3. Nc3 Bb4 4. e3 O-O 5. Bd3 c5 6. Nf3 d5 7. O-O cxd4 8. exd4
dxc4 9. Bxc4 a6 10. a4 Bd7 11. Bg5 Bc6 12. Ne5 Be7 13. Qe2 Nbd7 14. Nxc6 bxc6
15. Bxa6 Qb6 16. Bc4 Qxd4 17. Rfd1 Qc5 18. Bxf6 Nxf6 19. Ne4 Qb4 20. b3 Nd5 21.
Qc2 Qb6 22. Rac1 Rfd8 23. Bf1 Nb4 24. Qb2 c5 25. Bb5 Rd5 26. Nc3 Rd4 27. Rxd4
cxd4 28. Na2 Rd8 29. Nxb4 Bxb4 30. Qe2 Bc3 31. Rd1 Rc8 32. g3 g6 33. Kg2 Qd6
34. Bc4 Rc5 35. f4 Kg7 36. Qe4 Rf5 37. Rf1 h5 38. h4 Qb6 39. Rf3 Bd2 40. Rf2
Be3 41. Rf1 Qb4 42. Kh3 Rc5 43. Rd1 Qc3 44. Rf1 Kf6 45. Kg2 Qd2+ 46. Kh3 Qb4
47. Rd1 Qb6 48. Kg2 Ke7 49. Rf1 Rc8 50. Rd1 Rc5 51. Kh3 Qd6 52. Kg2 Qd7 53. Ra1
Bd2 54. Rd1 Bc3 55. Qf3 Qc7 56. Qe4 1/2-1/2

[Event "Dos Hermanas GMB"]
[Site "Dos Hermanas ESP"]
[Date "2001.04.21"]
[Round "3"]
[White "Rivas Pastor, Manuel"]
[Black "Spraggett, Kevin"]
[Result "1/2-1/2"]
[WhiteElo "2429"]
[BlackElo "2526"]
[PlyCount "20"]
[EventDate "2001.04.19"]
[EventType "tourn"]
[EventRounds "9"]
[EventCountry "ESP"]
[Source "Mark Crowther"]
[SourceDate "2001.04.23"]

1. e4 c5 2. Nc3 e6 3. Nf3 a6 4. d4 cxd4 5. Nxd4 Qc7 6. g3 Bb4 7. Nde2 Nf6 8.
Bg2 Be7 9. O-O Nc6 10. a4 O-O 1/2-1/2

[Event "Dos Hermanas GMB"]
[Site "Dos Hermanas ESP"]
[Date "2001.04.22"]
[Round "4"]
[White "Campora, Daniel"]
[Black "Spraggett, Kevin"]
[Result "1/2-1/2"]
[WhiteElo "2503"]
[BlackElo "2526"]
[PlyCount "22"]
[EventDate "2001.04.19"]
[EventType "tourn"]
[EventRounds "9"]
[EventCountry "ESP"]
[Source "Mark Crowther"]
[SourceDate "2001.04.23"]

1. e4 c5 2. c4 Nc6 3. Nc3 g6 4. g3 Bg7 5. Bg2 e6 6. d3 Nge7 7. Nge2 d6 8. a3
O-O 9. O-O b6 10. Rb1 Bb7 11. Bg5 h6 1/2-1/2

[Event "Dos Hermanas GMB"]
[Site "Dos Hermanas ESP"]
[Date "2001.04.23"]
[Round "5"]
[White "Spraggett, Kevin"]
[Black "Vega Holm, Fernando"]
[Result "1/2-1/2"]
[WhiteElo "2526"]
[BlackElo "2408"]
[PlyCount "69"]
[EventDate "2001.04.19"]
[EventType "tourn"]
[EventRounds "9"]
[EventCountry "ESP"]
[Source "Mark Crowther"]
[SourceDate "2001.04.30"]

1. Nf3 Nf6 2. b3 d5 3. Bb2 Bf5 4. e3 e6 5. c4 c6 6. Be2 h6 7. Nc3 Nbd7 8. d3
Be7 9. cxd5 exd5 10. h3 Nc5 11. Nd4 Bh7 12. O-O Ne6 13. Na4 Nxd4 14. Bxd4 O-O
15. Qd2 Nd7 16. Rac1 a5 17. Qb2 Bf6 18. Nc5 Nxc5 19. Rxc5 Bxd4 20. Qxd4 Bf5 21.
Qf4 Qg5 22. Qxg5 hxg5 23. Rfc1 Rfe8 24. d4 Bd7 25. g4 g6 26. Bf3 Kg7 27. Kg2
Rh8 28. a3 Rh4 29. Rh1 f5 30. Be2 Rah8 31. f3 Re8 32. Kf2 Ra8 33. Kg2 Re8 34.
Kf2 Ra8 35. Kg2 1/2-1/2

[Event "Dos Hermanas GMB"]
[Site "Dos Hermanas ESP"]
[Date "2001.04.25"]
[Round "7"]
[White "Spraggett, Kevin"]
[Black "Korneev, Oleg"]
[Result "1/2-1/2"]
[WhiteElo "2526"]
[BlackElo "2572"]
[PlyCount "120"]
[EventDate "2001.04.19"]
[EventType "tourn"]
[EventRounds "9"]
[EventCountry "ESP"]
[Source "Mark Crowther"]
[SourceDate "2001.04.30"]

1. e4 e5 2. Nf3 Nc6 3. Bb5 Nf6 4. d3 Bc5 5. Be3 Bxe3 6. fxe3 d6 7. Nc3 O-O 8.
Ba4 Ne7 9. Qd2 c6 10. Bb3 b5 11. a4 b4 12. Ne2 a5 13. Ng3 Ra7 14. O-O Ng6 15.
h3 d5 16. exd5 cxd5 17. e4 dxe4 18. Nxe4 Nxe4 19. dxe4 Rd7 20. Qe3 Kh8 21. Ng5
Nf4 22. Qc5 f6 23. Rxf4 Rc7 24. Qxa5 exf4 25. Nf3 Qd6 26. Re1 Re7 27. e5 fxe5
28. Rxe5 Bb7 29. Rf5 Rfe8 30. Bd5 g6 31. Rg5 h6 32. Bxb7 hxg5 33. Bd5 Re5 34.
c4 bxc3 35. Nxe5 Qxe5 36. Qxc3 Qxc3 37. bxc3 Kg7 38. c4 Kf6 39. a5 Re1+ 40. Kf2
Ra1 41. Kf3 Rxa5 42. Ke4 Ra2 43. Kd4 Rd2+ 44. Kc5 Ke5 45. Bf3 Rd8 46. Kb6 Rd2
47. Kc5 Rb2 48. Kc6 Kd4 49. Bd5 Rb3 50. Kd6 Re3 51. Kc6 Rg3 52. Kd6 g4 53. hxg4
Rxg4 54. Ke6 g5 55. Kf6 Rg3 56. Kf5 Ke3 57. Ke5 g4 58. c5 Rxg2 59. Bxg2 f3 60.
Bxf3 gxf3 1/2-1/2

[Event "Seville op"]
[Site "Seville ESP"]
[Date "2001.01.13"]
[Round "2"]
[White "Spraggett, Kevin"]
[Black "Espasa Gonzalez, Jaume"]
[Result "1-0"]
[WhiteElo "2526"]
[BlackElo "2008"]
[PlyCount "45"]
[EventDate "2001.01.12"]
[EventType "swiss"]
[EventRounds "9"]
[EventCountry "ESP"]
[Source "Mark Crowther"]
[SourceDate "2000.01.22"]

1. c4 c5 2. g3 Nc6 3. Bg2 g6 4. Nc3 Bg7 5. e3 Nf6 6. Nge2 O-O 7. O-O d6 8. d4
Rb8 9. b3 a6 10. Bb2 e6 11. dxc5 dxc5 12. Bxc6 bxc6 13. Qxd8 Rxd8 14. Rfd1 Re8
15. Na4 Nd7 16. Bxg7 Kxg7 17. Rd6 Re7 18. Rad1 e5 19. Rxc6 Bb7 20. Rc7 Bf3 21.
Rdxd7 Rxd7 22. Rxd7 Bxe2 23. Nxc5 1-0

[Event "Seville op"]
[Site "Seville ESP"]
[Date "2001.01.14"]
[Round "3"]
[White "Espejo Hava, Francisco"]
[Black "Spraggett, Kevin"]
[Result "0-1"]
[WhiteElo "2173"]
[BlackElo "2526"]
[PlyCount "88"]
[EventDate "2001.01.12"]
[EventType "swiss"]
[EventRounds "9"]
[EventCountry "ESP"]
[Source "Mark Crowther"]
[SourceDate "2000.01.22"]

1. e4 g6 2. d4 d6 3. Nf3 Bg7 4. Nc3 a6 5. Be2 b5 6. a3 Bb7 7. O-O Nd7 8. Re1 c5
9. Bf1 cxd4 10. Nxd4 Ngf6 11. Bg5 O-O 12. Nb3 Rc8 13. Qd2 Re8 14. Bd3 Ne5 15.
Rad1 Qb6 16. Be3 Qc7 17. Bh6 Bh8 18. h3 Nfd7 19. Ne2 Nb6 20. c3 Nbc4 21. Bxc4
bxc4 22. Nbd4 Bxe4 23. Ng3 Ba8 24. f4 Nd3 25. Re3 d5 26. f5 Qb6 27. Kh2 Bf6 28.
Rf1 a5 29. Ref3 a4 30. fxg6 hxg6 31. Bg5 Qxb2 32. Qe3 Be5 33. Rxf7 Rf8 34.
Rxf8+ Rxf8 35. Rxf8+ Kxf8 36. Bh6+ Ke8 37. Qg5 Qb6 38. Qg4 Bb7 39. Be3 Qf6 40.
Bg5 Qf2 41. Nf3 d4 42. cxd4 Bxf3 43. Qxf3 Qxf3 44. gxf3 Bxg3+ 0-1

[Event "Seville op"]
[Site "Seville ESP"]
[Date "2001.01.15"]
[Round "4"]
[White "Spraggett, Kevin"]
[Black "Montero Campuzano, Rafael"]
[Result "1-0"]
[WhiteElo "2526"]
[BlackElo "2118"]
[PlyCount "77"]
[EventDate "2001.01.12"]
[EventType "swiss"]
[EventRounds "9"]
[EventCountry "ESP"]
[Source "Mark Crowther"]
[SourceDate "2000.01.22"]

1. Nf3 Nf6 2. g3 g6 3. b3 Bg7 4. Bb2 d6 5. c4 e5 6. d3 O-O 7. Bg2 Nc6 8. O-O h6
9. Nc3 Be6 10. e4 Qd7 11. Nd5 Nh7 12. Qd2 Rae8 13. Rae1 Nd4 14. Nxd4 exd4 15.
Nf4 Ng5 16. Kh1 c5 17. Bc1 b5 18. Nxe6 fxe6 19. f4 Nf7 20. Qc2 bxc4 21. Qxc4 g5
22. Bd2 Kh8 23. Bh3 Qe7 24. b4 e5 25. fxg5 Nxg5 26. Bf5 Rf6 27. Rb1 Ref8 28.
Bxg5 hxg5 29. bxc5 dxc5 30. Rb5 Rc6 31. Rc1 Bf6 32. Qd5 Qd6 33. Qxd6 Rxd6 34.
Rcxc5 Rf7 35. Rc8+ Kg7 36. Rbb8 Re7 37. Rg8+ Kh6 38. Rg6+ Kh5 39. g4+ 1-0

[Event "Seville op"]
[Site "Seville ESP"]
[Date "2001.01.17"]
[Round "6"]
[White "Spraggett, Kevin"]
[Black "Cifuentes Parada, Roberto"]
[Result "1/2-1/2"]
[WhiteElo "2526"]
[BlackElo "2496"]
[PlyCount "115"]
[EventDate "2001.01.12"]
[EventType "swiss"]
[EventRounds "9"]
[EventCountry "ESP"]
[Source "Mark Crowther"]
[SourceDate "2000.01.22"]

1. Nf3 Nf6 2. b3 g6 3. Bb2 Bg7 4. g3 O-O 5. Bg2 d6 6. c4 e5 7. d3 Nc6 8. O-O
Re8 9. Nc3 Nd4 10. Nd2 c6 11. e3 Ne6 12. Nf3 h6 13. b4 a6 14. a4 Ng5 15. Nxg5
hxg5 16. a5 Bg4 17. Qc2 Qd7 18. Na4 Rad8 19. Nb6 Qe6 20. e4 Bh3 21. Rae1 Nd7
22. Na4 Bxg2 23. Kxg2 g4 24. f3 gxf3+ 25. Rxf3 Rf8 26. Nc3 f5 27. Ref1 Rf7 28.
Bc1 Rdf8 29. h3 fxe4 30. Rxf7 Rxf7 31. Rxf7 Qxf7 32. Nxe4 Bf8 33. Ng5 Qf5 34.
g4 Qf6 35. Be3 Be7 36. b5 Nc5 37. bxa6 bxa6 38. Bxc5 Qxg5 39. Bf2 Qf4 40. Bg3
Qd4 41. Bf2 Qf4 42. Qa4 e4 43. Qxc6 Qf3+ 44. Kg1 Qd1+ 45. Kh2 Qxd3 46. Qe8+ Bf8
47. Qxg6+ Bg7 48. Qe8+ Kh7 49. Qh5+ Kg8 50. Qe8+ Kh7 51. Qf7 Kh8 52. Kg2 Bd4
53. Qf8+ Kh7 54. Qf5+ Kh8 55. Qh5+ Kg7 56. Qg5+ Kh7 57. Qh5+ Kg7 58. Qg5+
1/2-1/2

[Event "Seville op"]
[Site "Seville ESP"]
[Date "2001.01.18"]
[Round "7"]
[White "Vega Holm, Fernando"]
[Black "Spraggett, Kevin"]
[Result "1/2-1/2"]
[WhiteElo "2408"]
[BlackElo "2526"]
[PlyCount "89"]
[EventDate "2001.01.12"]
[EventType "swiss"]
[EventRounds "9"]
[EventCountry "ESP"]
[Source "Mark Crowther"]
[SourceDate "2000.01.22"]

1. c4 e5 2. g3 Nc6 3. Bg2 f5 4. d3 Nf6 5. Nc3 Bb4 6. Bd2 O-O 7. a3 Bxc3 8. Bxc3
d6 9. b4 Qe8 10. Qd2 Kh8 11. Nh3 a6 12. f4 b5 13. cxb5 axb5 14. O-O Ra6 15. Bb2
exf4 16. Nxf4 Ne5 17. Rac1 c6 18. e4 fxe4 19. Bxe4 Bd7 20. Bg2 Qb8 21. Rce1 Ra8
22. Kh1 Qc7 23. h3 Rae8 24. g4 Qd8 25. g5 Ng8 26. Nh5 Rxf1+ 27. Rxf1 Ne7 28.
Bxe5 dxe5 29. d4 Bf5 30. Rd1 Bg6 31. Ng3 Qc7 32. Qf2 Kg8 33. h4 Rf8 34. Qe3
exd4 35. Rxd4 Nd5 36. Bxd5+ cxd5 37. h5 Be4+ 38. Nxe4 dxe4 39. Rxe4 Qc6 40. Kg1
Qc2 41. Rf4 Qd1+ 42. Kg2 Rxf4 43. Qxf4 Qxh5 44. Qb8+ Kf7 45. Qxb5 1/2-1/2

[Event "Seville op"]
[Site "Seville ESP"]
[Date "2001.01.20"]
[Round "9"]
[White "Lalic, Bogdan"]
[Black "Spraggett, Kevin"]
[Result "1/2-1/2"]
[WhiteElo "2531"]
[BlackElo "2526"]
[PlyCount "26"]
[EventDate "2001.01.12"]
[EventType "swiss"]
[EventRounds "9"]
[EventCountry "ESP"]
[Source "Mark Crowther"]
[SourceDate "2000.01.22"]

1. d4 Nf6 2. c4 e6 3. Nf3 b6 4. g3 Ba6 5. b3 Bb4+ 6. Bd2 Be7 7. Bg2 c6 8. Bc3
d5 9. Ne5 Nfd7 10. Nxd7 Nxd7 11. Nd2 O-O 12. O-O Rc8 13. e4 c5 1/2-1/2

[Event "Olympiad"]
[Site "Istanbul TUR"]
[Date "2000.11.05"]
[Round "8"]
[White "Magai, Vladimir"]
[Black "Spraggett, Kevin"]
[Result "1/2-1/2"]
[WhiteElo "2546"]
[BlackElo "2501"]
[PlyCount "79"]
[EventDate "2000.10.28"]
[EventType "team"]
[EventRounds "14"]
[EventCountry "TUR"]
[Source "Mark Crowther"]
[SourceDate "2000.11.13"]

1. d4 f5 2. g3 Nf6 3. Bg2 d6 4. Nf3 g6 5. O-O Bg7 6. c4 O-O 7. Nc3 c6 8. d5
cxd5 9. cxd5 Na6 10. Be3 Bd7 11. Bd4 Qa5 12. a3 Rfc8 13. e3 Qd8 14. Rc1 Qe8 15.
Ng5 Nc5 16. b4 h6 17. Ne6 Nxe6 18. dxe6 Bc6 19. Qb3 Bxg2 20. Kxg2 Qc6+ 21. f3
Qc4 22. Qxc4 Rxc4 23. Bxf6 Bxf6 24. Nd5 Rac8 25. Nxf6+ exf6 26. Rxc4 Rxc4 27.
Rd1 Kf8 28. Rxd6 Rc7 29. Rd8+ Ke7 30. Rh8 Kxe6 31. Rxh6 g5 32. g4 Rc2+ 33. Kg3
fxg4 34. fxg4 b5 35. Rh7 a6 36. Ra7 Rc6 37. h4 gxh4+ 38. Kxh4 Kd5 39. Rd7+ Ke6
40. Ra7 1/2-1/2

[Event "Porto op"]
[Site "Porto POR"]
[Date "2000.07.28"]
[Round "7"]
[White "Spraggett, Kevin"]
[Black "Dantas, Carlos"]
[Result "1-0"]
[WhiteElo "2501"]
[BlackElo "2184"]
[PlyCount "86"]
[EventDate "2000.07.22"]
[EventType "swiss"]
[EventRounds "9"]
[EventCountry "POR"]
[Source "Mark Crowther"]
[SourceDate "2000.08.07"]

1. c4 Nf6 2. Nc3 e6 3. Nf3 d5 4. d4 c5 5. cxd5 Nxd5 6. e3 Nc6 7. Bd3 Be7 8. O-O
O-O 9. a3 cxd4 10. exd4 Bf6 11. Be4 h6 12. Re1 b6 13. Bb1 Nde7 14. Be3 Bb7 15.
Ne4 Nf5 16. Nxf6+ Qxf6 17. Be4 Nd6 18. Bc2 Rfd8 19. Qd3 Nf5 20. Rad1 Rd7 21.
Ba4 Rad8 22. Qc3 Ncxd4 23. Bxd4 Rxd4 24. Nxd4 Nxd4 25. Rd3 Ba6 26. Rde3 Rc8 27.
Qd2 Rd8 28. Qc1 Rc8 29. Qb1 Qf4 30. Qe4 Qf6 31. Rc3 Rd8 32. Bc2 Nxc2 33. Qxc2
Qg5 34. Rd1 Bb7 35. Rxd8+ Qxd8 36. Qd3 Bd5 37. b4 f5 38. Qd4 Qg5 39. f3 Kh7 40.
b5 Ba2 41. Kf2 e5 42. Qe3 Qh4+ 43. Kg1 Qh5 1-0

[Event "Porto op"]
[Site "Porto POR"]
[Date "2000.07.29"]
[Round "8"]
[White "Damaso, Rui"]
[Black "Spraggett, Kevin"]
[Result "0-1"]
[WhiteElo "2386"]
[BlackElo "2501"]
[PlyCount "66"]
[EventDate "2000.07.22"]
[EventType "swiss"]
[EventRounds "9"]
[EventCountry "POR"]
[Source "Mark Crowther"]
[SourceDate "2000.08.07"]

1. Nf3 f5 2. c4 Nf6 3. g3 g6 4. Bg2 Bg7 5. Nc3 O-O 6. d4 d6 7. O-O c6 8. b3 Qa5
9. Rb1 e5 10. b4 Qc7 11. c5 e4 12. cxd6 Qxd6 13. Bf4 Qe7 14. Ne5 Rd8 15. b5 c5
16. Qb3+ Be6 17. Qa3 Bf8 18. dxc5 Qxc5 19. Qxc5 Bxc5 20. Bg5 Be7 21. f3 Nbd7
22. Nxd7 Rxd7 23. fxe4 Nxe4 24. Nxe4 fxe4 25. Bxe7 Rxe7 26. Bxe4 Bxa2 27. Rb4
Rae8 28. Bd3 b6 29. Rd4 Rc8 30. h4 Kg7 31. Rd6 Bf7 32. Rdf6 Rc5 33. R1f2 Be8
0-1

[Event "Pablo Gorbea mem op"]
[Site "Madrid ESP"]
[Date "2000.06.17"]
[Round "8"]
[White "Spraggett, Kevin"]
[Black "Bermejo Arruego, Luis"]
[Result "1-0"]
[WhiteElo "2529"]
[BlackElo "2236"]
[PlyCount "55"]
[EventDate "2000.06.10"]
[EventType "swiss"]
[EventRounds "9"]
[EventCountry "ESP"]
[Source "Mark Crowther"]
[SourceDate "2000.06.26"]

1. d4 d5 2. c4 c6 3. Nc3 Nf6 4. Nf3 dxc4 5. a4 Bg4 6. Ne5 Bh5 7. f3 e6 8. e4
Bb4 9. Be2 Nfd7 10. Nxc4 O-O 11. O-O Nb6 12. Be3 f6 13. Qb3 Na6 14. a5 Nd7 15.
Nd6 Qc7 16. Qxe6+ Kh8 17. Bf4 Ndb8 18. Bg3 Qd8 19. e5 fxe5 20. dxe5 Bxa5 21.
Nce4 Bb6+ 22. Kh1 Qc7 23. Qh3 Bg6 24. e6 Qe7 25. Bh4 Qc7 26. e7 Rg8 27. Bc4 Bc5
28. Qe6 1-0

[Event "Magistral de VRSA"]
[Site "Santo Antonio POR"]
[Date "2000.05.20"]
[Round "1"]
[White "Yakovich, Yuri"]
[Black "Spraggett, Kevin"]
[Result "1/2-1/2"]
[WhiteElo "2580"]
[BlackElo "2529"]
[PlyCount "32"]
[EventDate "2000.05.20"]
[EventType "tourn"]
[EventRounds "9"]
[EventCountry "POR"]
[EventCategory "9"]
[Source "Mark Crowther"]
[SourceDate "2000.05.30"]

1. d4 f5 2. c4 Nf6 3. Nc3 g6 4. g3 Bg7 5. Bg2 O-O 6. Nf3 d6 7. O-O c6 8. Re1
Na6 9. e4 fxe4 10. Nxe4 Nxe4 11. Rxe4 e5 12. dxe5 dxe5 13. Qxd8 Rxd8 14. Bg5
Re8 15. Re2 Bf5 16. Rd2 Nc5 1/2-1/2

[Event "Magistral de VRSA"]
[Site "Santo Antonio POR"]
[Date "2000.05.23"]
[Round "4"]
[White "Romero Holmes, Alfonso"]
[Black "Spraggett, Kevin"]
[Result "0-1"]
[WhiteElo "2483"]
[BlackElo "2529"]
[PlyCount "68"]
[EventDate "2000.05.20"]
[EventType "tourn"]
[EventRounds "9"]
[EventCountry "POR"]
[EventCategory "9"]
[Source "Mark Crowther"]
[SourceDate "2000.05.30"]

1. c4 f5 2. b4 e5 3. Bb2 d6 4. e3 Nf6 5. Nf3 e4 6. Ng5 h6 7. Nh3 g5 8. f3 exf3
9. gxf3 Nc6 10. Qb3 Qe7 11. Nf2 a5 12. a3 Bg7 13. Be2 f4 14. b5 fxe3 15. Qxe3
Ne5 16. Bxe5 dxe5 17. Nc3 b6 18. Nfe4 Bb7 19. Bd3 O-O-O 20. Nxf6 Qxf6 21. Be4
Rd4 22. d3 Rhd8 23. O-O Bf8 24. Qe2 Bc5 25. Kh1 Qd6 26. a4 Bxe4 27. fxe4 Rxd3
28. Nd5 Rd4 29. Rf6 Rxd5 30. Rxd6 R5xd6 31. Rf1 Kb8 32. Qh5 Be3 33. Rf3 Rd1+
34. Kg2 Rg1+ 0-1

[Event "Magistral de VRSA"]
[Site "Santo Antonio POR"]
[Date "2000.05.24"]
[Round "5"]
[White "Spraggett, Kevin"]
[Black "Santos, Carlos Pereira"]
[Result "1-0"]
[WhiteElo "2529"]
[BlackElo "2379"]
[PlyCount "50"]
[EventDate "2000.05.20"]
[EventType "tourn"]
[EventRounds "9"]
[EventCountry "POR"]
[EventCategory "9"]
[Source "Mark Crowther"]
[SourceDate "2000.05.30"]

1. d4 Nf6 2. c4 g6 3. Nc3 Bg7 4. e4 d6 5. f3 e5 6. Nge2 Nfd7 7. Be3 Bh6 8. Qd2
Bxe3 9. Qxe3 O-O 10. O-O-O c5 11. dxc5 dxc5 12. f4 Nc6 13. f5 Nd4 14. g4 b5 15.
Ng3 b4 16. Nd5 Bb7 17. h4 Bxd5 18. exd5 Qa5 19. Kb1 b3 20. a3 Rab8 21. Ne4 Nc2
22. Qc1 Rb4 23. f6 Qd8 24. axb4 cxb4 25. Rh3 Na1 1-0

[Event "Magistral de VRSA"]
[Site "Santo Antonio POR"]
[Date "2000.05.26"]
[Round "7"]
[White "Spraggett, Kevin"]
[Black "Rocha, Sergio"]
[Result "1-0"]
[WhiteElo "2529"]
[BlackElo "2380"]
[PlyCount "79"]
[EventDate "2000.05.20"]
[EventType "tourn"]
[EventRounds "9"]
[EventCountry "POR"]
[EventCategory "9"]
[Source "Mark Crowther"]
[SourceDate "2000.05.30"]

1. d4 Nf6 2. c4 c5 3. d5 b5 4. Nf3 g6 5. Qc2 d6 6. e4 Bg7 7. cxb5 a6 8. Nc3 O-O
9. a4 axb5 10. Bxb5 Ba6 11. O-O Ng4 12. Bd2 Nd7 13. h3 Nge5 14. Nxe5 Nxe5 15.
Bxa6 Rxa6 16. Nb5 Qb6 17. Bc3 Rfa8 18. Kh1 Nd7 19. Bxg7 Kxg7 20. b3 Kg8 21.
Rac1 Qb7 22. Rfd1 Rc8 23. Qe2 Qb6 24. f4 f6 25. Rc3 Raa8 26. Qg4 Qd8 27. Rdc1
Kg7 28. Rd1 Ra6 29. Na3 Rb8 30. Nc4 Nb6 31. Ne3 Ra7 32. e5 c4 33. bxc4 Nxa4 34.
Ra3 Raa8 35. exf6+ exf6 36. Rda1 Nb6 37. Ra7+ Kh8 38. Qe6 Qf8 39. Ng4 Re8 40.
Nxf6 1-0

[Event "Magistral de VRSA"]
[Site "Santo Antonio POR"]
[Date "2000.05.27"]
[Round "8"]
[White "Fernandes, Antonio"]
[Black "Spraggett, Kevin"]
[Result "1-0"]
[WhiteElo "2448"]
[BlackElo "2529"]
[PlyCount "51"]
[EventDate "2000.05.20"]
[EventType "tourn"]
[EventRounds "9"]
[EventCountry "POR"]
[EventCategory "9"]
[Source "Mark Crowther"]
[SourceDate "2000.05.30"]

1. e4 c5 2. c3 e6 3. d4 d5 4. exd5 exd5 5. Nf3 Nf6 6. Be2 Be7 7. O-O O-O 8. Be3
cxd4 9. Nxd4 Nc6 10. Nd2 Re8 11. N2f3 Bd6 12. Bg5 h6 13. Bh4 a6 14. Re1 Bg4 15.
Qb3 Nxd4 16. cxd4 Re6 17. Ne5 Bxe2 18. Rxe2 g5 19. Bg3 Qe7 20. Rae1 Kg7 21. f4
gxf4 22. Bxf4 Nh5 23. Bd2 Re8 24. Qh3 Bxe5 25. dxe5 Qc5+ 26. Kh1 1-0

[Event "Magistral de VRSA"]
[Site "Santo Antonio POR"]
[Date "2000.05.28"]
[Round "9"]
[White "Spraggett, Kevin"]
[Black "Campora, Daniel"]
[Result "1/2-1/2"]
[WhiteElo "2529"]
[BlackElo "2534"]
[PlyCount "83"]
[EventDate "2000.05.20"]
[EventType "tourn"]
[EventRounds "9"]
[EventCountry "POR"]
[EventCategory "9"]
[Source "ChessBase"]
[SourceDate "2000.07.11"]

1. c4 e5 2. g3 Nc6 3. Bg2 f5 4. Nc3 Nf6 5. e3 d6 6. Nge2 Bd7 7. d4 g6 8. Rb1
Bg7 9. b4 a6 10. a4 O-O 11. O-O Kh8 12. f4 e4 13. d5 Ne7 14. Qd2 Qe8 15. b5
axb5 16. axb5 Qf7 17. Bb2 Nc8 18. Qc2 Nb6 19. Qb3 Ng4 20. Bc1 h6 21. h3 Nf6 22.
Bb2 Rfb8 23. Ra1 Bc8 24. Nd4 Kh7 25. Rfd1 Bh8 26. Bf1 g5 27. Rxa8 Rxa8 28. Ra1
Rxa1 29. Bxa1 Nbd7 30. Qa2 Nc5 31. Qa8 Qg8 32. Kh2 gxf4 33. gxf4 Nh5 34. Nce2
Bf6 35. Qb8 Qd8 36. Ng3 Nxg3 37. Kxg3 Bh4+ 38. Kh2 Nd7 39. Qa7 Nc5 40. Qa2 Bd7
41. Bc3 Qg8 42. Qg2 1/2-1/2